000 00282nam a2200109Ia 4500
008 200302s9999 xx 000 0 und d
100 _aDoreen Ehrlich
245 _aFrank Lloyd Wright Interior Style & Design
260 _bCourage Books Publishers
260 _c2003
300 _a176 P.,
999 _c5085
_d5085